000 00493nam a2200205Ia 4500
003 OSt
005 20140414093252.0
008 140130s9999 xx 000 0 und d
020 _a0439444241
050 _aHG 221.5
_b.L433 2002
100 _aLeedy, Loreen
245 _cLeedy, Loreen
_aFollow the money /
260 _bScholastic,
_c2002.
_aNew York :
300 _a32 p. :
_bcol. ill. ;
_c27 cm.
440 _v1
521 _aBR
526 _c130
942 _cBK
_2lcc
999 _c39849
_d39849